Foro sobre carreras interdisciplinarias: desafíos y posibilidades /
Wedi'i Gadw mewn:
| Prif Awdur: | |
|---|---|
| Awduron Eraill: | , |
| Fformat: | Llyfr |
| Iaith: | Spanish |
| Cyhoeddwyd: |
San José, Costa Rica :
INIE,
2012
|
| Pynciau: | |
| Tagiau: |
Ychwanegu Tag
Dim Tagiau, Byddwch y cyntaf i dagio'r cofnod hwn!
|
MARC
| LEADER | 00000nam a2200000Ia 4500 | ||
|---|---|---|---|
| 008 | 180925b2012 cr ||||| |||| 00| | spa d | ||
| 999 | |c 2461 |d 2461 | ||
| 090 | |a CD #184 | ||
| 100 | 1 | |a Gurdián Fernández, Alicia |9 169 | |
| 245 | 1 | 0 | |a Foro sobre carreras interdisciplinarias: desafíos y posibilidades / |c Alicia Gurdián Fernández, Flora Eugenia Salas Madriz, Katya Arroyo Guerra |
| 260 | |a San José, Costa Rica : |b INIE, |c 2012 | ||
| 300 | |a 2 discos compactos | ||
| 500 | |a Contiene\Sujeto e interdisciplinariedad / Alicia Gurdián Fernández\La generación de conocimiento inter, trans y multidisciplinario / Flora Salas Madriz\La formación de docentes de carreras interdisciplinarias / Kattya Arroyo Guerra\ Foro realizado el 2 | ||
| 650 | 1 | 0 | |a DISCIPLINA |9 3586 |
| 700 | 1 | |a Salas Madriz, Flora Eugenia |9 253 | |
| 700 | 1 | |a Arroyo Guerra, Katya |9 4315 | |
| 942 | |i 00166 ,00170 |h CD #184 |2 z |c 08 | ||
| 942 | |i 00166 ,00170 |h CD #184 |2 z | ||
